|
|
|
|
| LEADER |
00730nta a2200193 i 4500 |
| 001 |
dokt3270 |
| 005 |
20240903112416.0 |
| 008 |
170102s1984 hu om 000 hun d |
| 040 |
|
|
|a SZTE Doktori Repozitórium
|b hun
|
| 041 |
|
|
|a hun
|
| 100 |
1 |
|
|a Mazsaroff István
|
| 245 |
1 |
0 |
|a Különböző biológiai eredetű szatietin-aktivitású anyagok összehasonlító kémiai analízise
|h [elektronikus dokumentum] /
|c Mazsaroff István
|
| 260 |
|
|
|c 1984
|
| 300 |
|
|
|a 98
|
| 502 |
|
|
|a Disszertacio
|
| 650 |
|
4 |
|a bio-, környezet- és vegyészmérnöki tudományok
|
| 650 |
|
4 |
|a Vegyészmérnöki tudományok
|
| 700 |
0 |
1 |
|a Nincs megadva
|e ths
|
| 856 |
4 |
0 |
|u https://doktori.bibl.u-szeged.hu/id/eprint/3270/1/1984_mazsaroff_istvan.pdf
|z Dokumentum-elérés
|